000 00827nam a22002297a 4500
005 20170124105932.0
010 _aA-679801
020 _c00.00
_a0195631269
035 _aA-679801
037 _bCen Lib/Ret
040 _aDPL
_bEN
082 _a320.9595413
_bROB
100 _aRobinson, Francis
_98103
245 _aSeparatism among Indian muslims :
_cby Francis Robinson
_bthe politics of the United Provinces' Muslims, 1860-1923 /
260 _aNew Delhi
_bOxford University Press
_c1993
270 _aYMCA Library Building, Jai Singh Road
_bNew Delhi
_e110001
300 _axxv,468p.
_c21cm(Hb)
500 _aIncludes bibliographical references and index
650 _aUttar Pradesh (India) -- Politics and government
_98486
650 _aMuslims -- India
_97069
942 _2ddc
_cEN
_h320.9595413
_mROB
999 _c123908
_d123908